000 00586nam a2200229 a 4500
001 nice12345678
003 IN_TiNIC
005 20260116014158.0
008 070605s1927 ahma grp 000 0 eng
020 _a
_c150
082 0 0 _a923.2
_bGAN4
100 _aGandhi, M K
245 _aAn Autobiography or the Story of My Experiments With Truth
260 _aAhmedabad
_bNavjivan Pub.House
_c1927
300 _a257p
500 _aincludes index and biblioraphy
650 _aGandhi M K-Biography
700 1 _aGandhi, M K
902 _bSRS
942 _cBK
999 _c14202
_d14202